世界のメガシティ(人口1000万人以上の都市) - Statistics

General Stats
  • This quiz has been taken 486 times
  • The average score is 28 of 45
Answer Stats
人口 (百万) 国名 都市名 % Correct
41.0 日本 東京
98%
21.2 中国 北京
98%
40.8 中国 上海
97%
17.7 日本 大阪
92%
25.1 韓国 ソウル
91%
22.0 アメリカ合衆国 ニューヨーク
91%
34.6 インド デリー
89%
25.1 メキシコ メキシコシティ
89%
19.1 ロシア モスクワ
87%
22.5 エジプト カイロ
86%
27.2 フィリピン マニラ
85%
14.9 イギリス ロンドン
84%
29.2 インドネシア ジャカルタ
83%
21.2 タイ バンコク
83%
12.5 ブラジル リオデジャネイロ
80%
10.5 日本 名古屋
80%
22.1 ブラジル サンパウロ
79%
11.5 フランス パリ
79%
15.9 トルコ イスタンブール
74%
17.2 アメリカ合衆国 ロサンゼルス
72%
10.9 中国 重慶
72%
13.9 ベトナム ホーチミン
69%
16.7 アルゼンチン ブエノスアイレス
68%
27.1 インド ムンバイ
67%
22.5 バングラデシュ ダッカ
66%
16.5 イラン テヘラン
66%
70.1 中国 広州
61%
11.8 ペルー リマ
59%
15.6 コンゴ民主共和国 キンシャサ
52%
20.9 パキスタン カラチ
51%
17.7 インド コルカタ
49%
12.2 中国 武漢
49%
20.7 ナイジェリア ラゴス
47%
11.5 中国 天津
46%
14.6 南アフリカ共和国 ヨハネスブルグ
45%
10.4 コロンビア ボゴタ
41%
12.8 中国 西安
37%
17.3 中国 成都
35%
14.2 インド バンガロール
31%
13.9 中国 杭州
31%
14.5 パキスタン ラホール
27%
12.6 インド チェンナイ
22%
11.4 インド ハイデラバード
19%
14.9 中国 アモイ
10%
11.0 中国 長沙
10%
No matching quizzes found
Score Distribution
Percent of People with Each Score
Percentile by Number Answered
Your Score History
You have not taken this quiz